Normal view MARC view

Entry Topical Term

Number of records used in: 2

001 - CONTROL NUMBER

  • control field: 46560

003 - CONTROL NUMBER IDENTIFIER

  • control field: dpl

005 - DATE AND TIME OF LATEST TRANSACTION

  • control field: 20120507145706.0

008 - FIXED-LENGTH DATA ELEMENTS

  • fixed length control field: 120507|||a|||||| | ||| d

040 ## - CATALOGING SOURCE

  • Original cataloging agency: dpl
  • Transcribing agency: dpl

150 ## - HEADING--TOPICAL TERM

  • Topical term or geographic name as entry element: East Indians
  • Geographic subdivision: Foreign countries.

670 ## - SOURCE DATA FOUND

  • Source citation: Work cat.: (dpl)50153: Kapur, Devesh 1959- 46559, Diaspora, development, and democracy :, 2010

670 ## - SOURCE DATA FOUND

  • Source citation: Work cat.: (dpl)50153: Kapur, Devesh 1959- 46559, Diaspora, development, and democracy :, 2010

© Delhi Public Library
Hit Counter
free hit counter